[Event "Titled Tue 24th Jun Early"]
[Site "chess.com INT"]
[Date "2025.06.24"]
[Round "3"]
[White "Vasquez Schroeder, Rodrigo"]
[Black "Klepek, Witold"]
[Result "1-0"]
[WhiteTitle "GM"]
[BlackTitle "CM"]
[WhiteElo "2446"]
[BlackElo "2253"]
[WhiteFideId "3400042"]
[BlackFideId "1175068"]
[EventDate "2025.06.24"]

1. e4 e6 2. d4 d5 3. Nc3 Bb4 4. e5 Qd7 5. Bd2 b6 6. Bb5 c6 7. Ba4 Ne7 8. Nce2
Bxd2+ 9. Qxd2 Ba6 10. c3 Qc7 11. Nf3 Nd7 12. O-O O-O 13. Rfe1 c5 14. Nf4 Ng6 15.
Nh5 b5 16. Bc2 b4 17. cxb4 cxb4 18. Rac1 Qb6 19. Ng3 Rfc8 20. h4 Ngf8 21. Nh5
Ng6 22. Bxg6 hxg6 23. Nf4 Rxc1 24. Rxc1 Rc8 25. Rxc8+ Bxc8 26. h5 gxh5 27. Nxh5
Qd8 28. Qxb4 g6 29. Nf4 Ba6 30. Qc3 Qc8 31. Qxc8+ Bxc8 32. Kf1 Kf8 33. Ke1 Ke7
34. Kd2 Nb6 35. b3 Ba6 36. g3 Bf1 37. Nh2 Ba6 38. Ng4 Na8 39. Nh3 Nc7 40. a4 Ne8
41. Ng5 Ng7 42. Nh6 f6 43. Ng8+ Kf8 44. Nxf6 Nf5 45. Kc3 Ke7 46. Ng4 Be2 47. Ne3
Ng7 48. g4 Kd7 49. Kd2 Ba6 50. Ng2 Ke7 51. Nf4 1-0

[Event "Titled Tue 24th Jun Early"]
[Site "chess.com INT"]
[Date "2025.06.24"]
[Round "3"]
[White "Smietanska, Wiktoria"]
[Black "Annaberdiyev, Babageldi"]
[Result "0-1"]
[WhiteTitle "CM"]
[BlackTitle "FM"]
[WhiteElo "2238"]
[BlackElo "2208"]
[WhiteFideId "21869359"]
[BlackFideId "14000385"]
[EventDate "2025.06.24"]

1. c4 e6 2. Nc3 d5 3. d4 f5 4. cxd5 exd5 5. Nf3 c6 6. Bf4 Nf6 7. h3 Bd6 8. Ne5
O-O 9. e3 Qe7 10. a3 a5 11. Be2 Nbd7 12. Nd3 Ne4 13. O-O Bxf4 14. Nxf4 Ndf6 15.
Nd3 Nxc3 16. bxc3 Ne4 17. Qc2 Be6 18. c4 dxc4 19. Ne5 c3 20. Bd3 Bd5 21. f3 Nd2
22. Rfe1 Nb3 23. Rab1 a4 24. Qxc3 Qxa3 25. e4 fxe4 26. fxe4 Be6 27. Bc4 Qe7 28.
Rbd1 Rac8 29. Kh1 Kh8 30. d5 cxd5 31. exd5 b5 32. d6 Qf6 33. d7 Bxd7 34. Rxd7
bxc4 35. Qe3 c3 36. Ra7 c2 37. Nd3 h6 0-1

[Event "Titled Tue 24th Jun Early"]
[Site "chess.com INT"]
[Date "2025.06.24"]
[Round "3"]
[White "Guz, Ari"]
[Black "Dyulgerov, Volen"]
[Result "1-0"]
[WhiteTitle "FM"]
[BlackTitle "CM"]
[WhiteElo "2358"]
[BlackElo "2200"]
[WhiteFideId "2825759"]
[BlackFideId "2918978"]
[EventDate "2025.06.24"]

1. Nf3 g5 2. Nxg5 e5 3. Nf3 e4 4. Nd4 c5 5. Nb3 a5 6. d3 a4 7. N3d2 e3 8. fxe3
d5 9. g3 h5 10. Bg2 h4 11. Nc3 Nf6 12. gxh4 Ng4 13. Nf3 Rxh4 14. e4 d4 15. Nd5
Bh6 16. Bxh6 Rxh6 17. Qd2 a3 18. b3 Be6 19. Qf4 Qa5+ 20. Kf1 Na6 21. h3 Bxd5 22.
Qxg4 Rg6 23. Qh4 Qc3 24. Re1 Kd7 25. Ne5+ Kc7 26. Qe7+ Kb6 27. Nxg6 fxg6 28.
exd5 Nb4 29. d6 Rb8 30. Qc7+ Ka7 31. Qa5+ 1-0

[Event "Titled Tue 24th Jun Early"]
[Site "chess.com INT"]
[Date "2025.06.24"]
[Round "3"]
[White "Hury, Tymoteusz"]
[Black "Sargissyan, Sargis"]
[Result "1-0"]
[WhiteTitle "CM"]
[BlackTitle "FM"]
[WhiteElo "2115"]
[BlackElo "2206"]
[WhiteFideId "21839328"]
[BlackFideId "13303210"]
[EventDate "2025.06.24"]

1. e4 c5 2. Nc3 g6 3. Nf3 Bg7 4. d4 cxd4 5. Nxd4 Nc6 6. Nxc6 bxc6 7. Bc4 d6 8.
O-O Nf6 9. e5 dxe5 10. Qxd8+ Kxd8 11. Re1 e6 12. Rxe5 Nd5 13. Re2 Rb8 14. Ne4
Rb4 15. Nd6 Ke7 16. Nxc8+ Rxc8 17. Bb3 Nb6 18. c3 Rb5 19. Be3 Rd8 20. f3 c5 21.
c4 Rb4 22. Bxc5+ Ke8 23. Bxb4 Bd4+ 24. Kf1 Rc8 25. Rd1 Bf6 26. c5 Nd7 27. Ba4 1-0

[Event "Titled Tue 24th Jun Early"]
[Site "chess.com INT"]
[Date "2025.06.24"]
[Round "3"]
[White "Leinov, Roman"]
[Black "Volovich, Vasily"]
[Result "0-1"]
[WhiteTitle "CM"]
[BlackTitle "FM"]
[WhiteElo "2120"]
[BlackElo "2177"]
[WhiteFideId "13504649"]
[BlackFideId "34169676"]
[EventDate "2025.06.24"]

1. Nf3 Nf6 2. g3 g6 3. Bg2 Bg7 4. O-O O-O 5. c4 c6 6. Nc3 d5 7. cxd5 cxd5 8. d4
Nc6 9. Ne5 Bf5 10. Nxc6 bxc6 11. Bf4 Rc8 12. Rc1 Re8 13. Na4 Nd7 14. Nc5 Nxc5
15. Rxc5 Qb6 16. b3 e5 17. Be3 exd4 18. Bxd4 Bxd4 19. Qxd4 Rxe2 20. Ra1 Rc2 21.
b4 a5 22. a3 Re8 23. Bf1 Re4 24. Qf6 Rxc5 25. bxc5 Qxc5 26. Rb1 Re8 27. Rb7 Be6
28. Bh3 Qc1+ 29. Kg2 Qf1+ 30. Kxf1 Bxh3+ 31. Kg1 Re1# 0-1

[Event "Titled Tue 24th Jun Early"]
[Site "chess.com INT"]
[Date "2025.06.24"]
[Round "3"]
[White "Naroditsky, Daniel"]
[Black "Olhovik, Andrei"]
[Result "1-0"]
[WhiteTitle "GM"]
[BlackTitle "FM"]
[WhiteElo "2619"]
[BlackElo "2282"]
[WhiteFideId "2026961"]
[BlackFideId "13507397"]
[EventDate "2025.06.24"]

1. e4 c5 2. c3 Nf6 3. e5 Nd5 4. Nf3 e6 5. d4 cxd4 6. cxd4 b6 7. Bd2 Bb7 8. Nc3
Be7 9. Bd3 O-O 10. h4 f5 11. exf6 Nxf6 12. h5 Nc6 13. a3 Rc8 14. Qe2 Na5 15. Rd1
Nb3 16. Be3 Bxa3 17. bxa3 Rxc3 18. Ne5 Be4 19. Bxe4 Nxe4 20. h6 g6 21. Nxg6 hxg6
22. Qg4 Kh7 23. Qxe4 Qf6 24. O-O d5 25. Qg4 Na5 26. Rde1 Qf5 27. Qxf5 exf5 28.
Bd2 Rc7 29. Re6 Nc4 30. Bf4 Rd7 31. Rfe1 b5 32. Ra6 Nb2 33. Ree6 Rg8 34. Red6
Rxd6 35. Rxd6 Nd3 36. Rd7+ Kh8 37. Bg5 Rf8 38. Rxa7 f4 39. f3 Rf5 40. Bd8 Nb2
41. Rg7 g5 42. Bxg5 Nc4 43. Be7 Ne3 44. Kf2 Nd1+ 45. Ke2 Nc3+ 46. Kd3 Nd1 47.
Kd2 Ne3 48. g4 fxg3 49. Kxe3 1-0

[Event "Titled Tue 24th Jun Early"]
[Site "chess.com INT"]
[Date "2025.06.24"]
[Round "3"]
[White "Filippova, Margarita"]
[Black "Jake Shanty"]
[Result "0-1"]
[WhiteTitle "WFM"]
[BlackTitle "FM"]
[WhiteElo "2026"]
[BlackElo "2252"]
[WhiteFideId "34199680"]
[BlackFideId "33478066"]
[EventDate "2025.06.24"]

1. e4 c5 2. c3 d5 3. exd5 Qxd5 4. d4 e6 5. Nf3 Nf6 6. a3 Nc6 7. Be2 cxd4 8. cxd4
Be7 9. Nc3 Qd8 10. O-O O-O 11. Bg5 h6 12. Bh4 b6 13. Ne5 Bb7 14. Bf3 Nd5 15.
Bxe7 Ncxe7 16. Nxd5 Bxd5 17. Rc1 Bxf3 18. Nxf3 Qd6 19. Qd3 Rac8 20. h3 Rfd8 21.
Rxc8 Rxc8 22. Rd1 Qd5 23. Qd2 Rd8 24. Qe2 Nc6 25. Rd2 Rd7 26. Qe3 Rd8 27. h4 Na5
28. Qe2 Nb3 29. Rd3 Nc1 30. Qd1 Nxd3 31. Qxd3 Rc8 32. Kh2 Rd8 33. Qe3 Rc8 34.
Ne5 Rc7 35. Qf4 Qd6 36. Qe4 f6 37. Qa8+ Qf8 38. Qxf8+ Kxf8 39. Nd3 Rc2 40. Kg3
Rd2 41. Nf4 Kf7 42. Kf3 Rxb2 43. Ke3 Rb3+ 44. Nd3 Rxa3 45. Kd2 Ra2+ 46. Kc3 a5
47. Kb3 Rd2 48. Kc3 Rxd3+ 49. Kxd3 b5 50. h5 Ke7 51. f4 Kd6 52. f5 exf5 0-1

[Event "Titled Tue 24th Jun Early"]
[Site "chess.com INT"]
[Date "2025.06.24"]
[Round "3"]
[White "Boramanikar, Tanisha S"]
[Black "Melillo, Lucius"]
[Result "0-1"]
[WhiteTitle "WCM"]
[BlackTitle "FM"]
[WhiteElo "1743"]
[BlackElo "2170"]
[WhiteFideId "35023454"]
[BlackFideId "30958245"]
[EventDate "2025.06.24"]

1. e4 Nf6 2. e5 Nd5 3. d4 d6 4. c4 Nb6 5. Nf3 g6 6. Nc3 Bg7 7. Bf4 Nc6 8. exd6
cxd6 9. Be2 O-O 10. O-O Bg4 11. b3 Bxf3 12. Bxf3 Nxd4 13. Rc1 Nxf3+ 14. Qxf3 Qc7
15. Rfe1 Rfe8 16. Nb5 Qd7 17. c5 Qxb5 18. cxb6 Qxb6 19. Bg5 e6 20. Bf6 Bxf6 21.
Qxf6 Rac8 22. Rcd1 d5 23. h3 Qd8 24. Qd4 a6 25. Qb4 Qd7 26. a4 Rc6 27. Qf4 Rec8
28. h4 Qc7 29. Qf6 h5 30. Qg5 Qd8 31. Qh6 Qf6 32. g3 Rc2 33. Qe3 R8c3 34. Qb6
Rxg3+ 35. fxg3 Qf3 0-1

[Event "Titled Tue 24th Jun Early"]
[Site "chess.com INT"]
[Date "2025.06.24"]
[Round "3"]
[White "Iskusnyh, Sergei"]
[Black "Pontes, Luiz Felizola Lima"]
[Result "1-0"]
[WhiteTitle "GM"]
[WhiteElo "2440"]
[BlackElo "2062"]
[WhiteFideId "4120027"]
[BlackFideId "44709919"]
[EventDate "2025.06.24"]

1. d4 d5 2. c4 c6 3. Nf3 Nf6 4. e3 e6 5. Bd3 Nbd7 6. b3 Bd6 7. Bb2 O-O 8. Nc3 b6
9. O-O Bb7 10. Qe2 Qe7 11. Rad1 Rfd8 12. e4 dxe4 13. Nxe4 Nxe4 14. Qxe4 g6 15.
Rfe1 Rac8 16. h4 Bb4 17. Re2 Ba3 18. Ba1 Nf6 19. Qe5 Bd6 20. Qg5 Kg7 21. h5 Nxh5
22. d5+ Nf6 23. dxe6 fxe6 24. Rde1 e5 25. Nxe5 Bxe5 26. Rxe5 Qf7 27. Re7 Kg8 28.
Rxf7 Kxf7 29. Qxf6+ 1-0

[Event "Titled Tue 24th Jun Early"]
[Site "chess.com INT"]
[Date "2025.06.24"]
[Round "3"]
[White "Khanbutaev, Artemii"]
[Black "Miserendino, Alfredo"]
[Result "1-0"]
[WhiteElo "2139"]
[BlackElo "2032"]
[WhiteFideId "55747175"]
[BlackFideId "101800"]
[EventDate "2025.06.24"]

1. e4 c5 2. Nc3 e6 3. Nge2 f5 4. exf5 exf5 5. g3 Nf6 6. Bg2 Be7 7. O-O O-O 8. d4
Nc6 9. dxc5 Bxc5 10. Nf4 Kh8 11. a3 a5 12. b3 d6 13. Bb2 Rb8 14. Ncd5 Nxd5 15.
Bxd5 Ne5 16. Qh5 Qf6 17. Rae1 Bd7 18. Rxe5 dxe5 19. Bxe5 Qb6 20. Qg5 Rg8 21. Be6
Qxe6 22. Nxe6 Bxe6 23. Bxb8 Rxb8 24. Qf4 Rd8 25. Qc7 1-0

[Event "Titled Tue 24th Jun Early"]
[Site "chess.com INT"]
[Date "2025.06.24"]
[Round "3"]
[White "Maghsoodloo, Parham"]
[Black "Leiva, Gianmarco"]
[Result "1-0"]
[WhiteTitle "GM"]
[BlackTitle "IM"]
[WhiteElo "2691"]
[BlackElo "2387"]
[WhiteFideId "12539929"]
[BlackFideId "3804399"]
[EventDate "2025.06.24"]

1. d4 d5 2. c4 e6 3. Nc3 a6 4. cxd5 exd5 5. Bf4 c6 6. e3 Bd6 7. Bxd6 Qxd6 8. Bd3
Ne7 9. Qc2 g6 10. f3 O-O 11. Qf2 c5 12. Nge2 Nbc6 13. dxc5 Qxc5 14. Rd1 Bf5 15.
Bxf5 Nxf5 16. Nxd5 Nb4 17. Nec3 Nxd5 18. Nxd5 Qa5+ 19. b4 Qb5 20. e4 Rad8 21.
Qc5 Qxc5 22. bxc5 Ng7 23. Ke2 Ne6 24. Rc1 Kg7 25. Rc4 Rfe8 26. Ke3 Rd7 27. Rb1
Red8 28. h4 h6 29. g3 g5 30. h5 Re8 31. Rb6 Nd8 32. Nf6 1-0

[Event "Titled Tue 24th Jun Early"]
[Site "chess.com INT"]
[Date "2025.06.24"]
[Round "3"]
[White "Marin Posada, Sebastian"]
[Black "Perez Cruz, Adianet"]
[Result "1-0"]
[WhiteTitle "FM"]
[BlackTitle "WFM"]
[WhiteElo "2246"]
[BlackElo "1984"]
[WhiteFideId "4402782"]
[BlackFideId "3510115"]
[EventDate "2025.06.24"]

1. e4 c6 2. d4 d5 3. e5 Bf5 4. Nf3 h5 5. Bd3 Bxd3 6. Qxd3 e6 7. O-O g6 8. Bg5
Be7 9. Qe3 Bxg5 10. Nxg5 Ne7 11. c3 Nf5 12. Qf4 Nd7 13. Nd2 Qe7 14. a4 a5 15.
Rac1 O-O 16. Rfe1 Kg7 17. h3 c5 18. Ndf3 cxd4 19. cxd4 Rac8 20. g4 hxg4 21. hxg4
Nh6 22. Kg2 Rxc1 23. Rxc1 Nb6 24. Rh1 Rh8 25. b3 Nd7 26. Rc1 Nb6 27. Rc5 Rc8 28.
Rxa5 Ng8 29. Rb5 Rc6 30. Ne1 f6 31. Ngf3 Na8 32. exf6+ Nxf6 33. Ne5 Ne4 34. Nxc6
bxc6 35. Rb8 Nc7 36. Rb7 Nd6 37. Qe5+ Kf7 38. Rb8 Nce8 39. Nf3 Qf6 40. Ng5+ Kg7
41. Nxe6+ Kf7 42. Qxf6+ Nxf6 43. Nc5 Nxg4 44. a5 Nf6 45. a6 1-0

[Event "Titled Tue 24th Jun Early"]
[Site "chess.com INT"]
[Date "2025.06.24"]
[Round "3"]
[White "Sarveshwaran V"]
[Black "Klimkowski, Jan"]
[Result "1-0"]
[WhiteTitle "CM"]
[BlackTitle "GM"]
[WhiteElo "2290"]
[BlackElo "2508"]
[WhiteFideId "25699016"]
[BlackFideId "21856222"]
[EventDate "2025.06.24"]

1. e4 c5 2. Nf3 d6 3. d4 cxd4 4. Nxd4 Nf6 5. Nc3 g6 6. Be2 Bg7 7. Be3 O-O 8. h4
h5 9. Qd2 Nc6 10. Nxc6 bxc6 11. f3 d5 12. e5 Ne8 13. f4 Qa5 14. g4 hxg4 15. h5
Bf5 16. h6 Bh8 17. h7+ Kg7 18. Bd3 Bxd3 19. f5 Bxf5 20. Bh6+ Kxh7 21. Bxf8+ Kg8
22. Rxh8+ Kxh8 23. Qh6+ Kg8 24. O-O-O d4 25. Bxe7 Qxe5 26. Qf8+ 1-0

[Event "Titled Tue 24th Jun Early"]
[Site "chess.com INT"]
[Date "2025.06.24"]
[Round "3"]
[White "Fichter, Fabian"]
[Black "Gruzman, Ilya"]
[Result "0-1"]
[WhiteTitle "FM"]
[BlackTitle "CM"]
[WhiteElo "2235"]
[BlackElo "2165"]
[WhiteFideId "24613258"]
[BlackFideId "2812703"]
[EventDate "2025.06.24"]

1. Nf3 d5 2. b3 Nf6 3. Bb2 Bf5 4. d3 c6 5. Nbd2 h6 6. h3 Bh7 7. g3 Nbd7 8. Bg2
e6 9. O-O Bc5 10. c4 O-O 11. Rc1 a5 12. d4 Be7 13. c5 b6 14. cxb6 Qxb6 15. Ne5
Nxe5 16. dxe5 Nd7 17. e4 Nc5 18. Qe2 Qb4 19. Bc3 Qb5 20. Qxb5 cxb5 21. exd5 exd5
22. Nf3 Nd3 23. Rcd1 Rfc8 24. Bd4 Rc2 25. Rd2 Rac8 26. Rfd1 Rxd2 27. Nxd2 Bb4
28. Nf1 Be4 29. Ne3 Nc1 30. Nxd5 Ne2+ 31. Kf1 Bxg2+ 32. Kxg2 Rd8 0-1

[Event "Titled Tue 24th Jun Early"]
[Site "chess.com INT"]
[Date "2025.06.24"]
[Round "3"]
[White "Ughuzov, Ravan"]
[Black "Mata Gonzalez, Jose Fernando"]
[Result "0-1"]
[WhiteTitle "FM"]
[BlackTitle "CM"]
[WhiteElo "2295"]
[BlackElo "2164"]
[WhiteFideId "13419315"]
[BlackFideId "5107423"]
[EventDate "2025.06.24"]

1. e4 c5 2. Nf3 Nc6 3. Bb5 e6 4. c3 Qb6 5. Ba4 a6 6. O-O d6 7. d4 cxd4 8. cxd4
Bd7 9. Nc3 Nf6 10. e5 Nd5 11. Nxd5 exd5 12. Re1 O-O-O 13. Bf4 dxe5 14. Bxc6 exf4
15. Bxd5 Bd6 16. Bxf7 Rhf8 17. Bb3 h6 18. d5 Bc5 19. Rc1 Kb8 20. Qc2 Bd6 21. h3
Rc8 22. Qg6 Rxc1 23. Rxc1 Bc5 24. Qxb6 Bxb6 25. Ne5 Bf5 26. d6 Ka7 27. Rd1 g5
28. Nf7 Bd7 29. Nxh6 f3 30. g4 Rh8 31. Nf7 Rxh3 32. Nxg5 Rg3+ 33. Kf1 Bb5+ 34.
Ke1 Ba5+ 0-1

[Event "Titled Tue 24th Jun Early"]
[Site "chess.com INT"]
[Date "2025.06.24"]
[Round "3"]
[White "Vlassov, Nikolai"]
[Black "Gasparyan, Erik R."]
[Result "0-1"]
[WhiteTitle "IM"]
[BlackTitle "IM"]
[WhiteElo "2291"]
[BlackElo "2372"]
[WhiteFideId "4103360"]
[BlackFideId "13315730"]
[EventDate "2025.06.24"]

1. e4 c6 2. d4 d5 3. f3 e6 4. Nc3 Nf6 5. e5 Nfd7 6. f4 c5 7. Nf3 Nc6 8. Be3 a6
9. Qd2 b5 10. dxc5 Bxc5 11. h4 Qb6 12. Bxc5 Nxc5 13. Bd3 b4 14. Ne2 a5 15. h5 h6
16. Rh3 Ba6 17. Rg3 Ne4 18. Bxe4 dxe4 19. Nfd4 Rd8 20. c3 Bxe2 21. Qxe2 Nxd4 22.
cxd4 Qxd4 23. Rxg7 Qg1+ 24. Qf1 Qe3+ 25. Qe2 Qxf4 26. Rd1 Qh4+ 27. g3 Qh1+ 28.
Kf2 Qxd1 29. Qb5+ Qd7 30. Qxa5 Qd2+ 31. Kg1 Qd1+ 32. Kg2 Rd2+ 0-1

[Event "Titled Tue 24th Jun Early"]
[Site "chess.com INT"]
[Date "2025.06.24"]
[Round "3"]
[White "Ben Ari, Yannay"]
[Black "Marichal Gonzalez, Ariel"]
[Result "0-1"]
[WhiteTitle "IM"]
[BlackTitle "IM"]
[WhiteElo "2450"]
[BlackElo "2268"]
[WhiteFideId "2815222"]
[BlackFideId "3503232"]
[EventDate "2025.06.24"]

1. Nc3 c5 2. Nf3 Nc6 3. d4 cxd4 4. Nxd4 Nf6 5. e4 e5 6. Ndb5 d6 7. Nd5 Nxd5 8.
exd5 Nb8 9. a4 Be7 10. Be2 O-O 11. O-O a6 12. Na3 Nd7 13. Nc4 a5 14. Kh1 b6 15.
f4 f5 16. Be3 Ba6 17. Na3 Bf6 18. Bxa6 Rxa6 19. c3 Ra8 20. Nb5 Nc5 21. fxe5 Bxe5
22. Bf4 Bxf4 23. Rxf4 Ne4 24. Nd4 Qg5 25. Qf1 g6 26. Ne6 Qh6 27. Nxf8 Ng3+ 28.
Kg1 Nxf1 29. Ne6 Nxh2 0-1

[Event "Titled Tue 24th Jun Early"]
[Site "chess.com INT"]
[Date "2025.06.24"]
[Round "3"]
[White "Zhou, Abigail"]
[Black "Cervantes Landeiro, Thalia"]
[Result "1-0"]
[WhiteTitle "WCM"]
[BlackTitle "FM"]
[WhiteElo "1780"]
[BlackElo "2278"]
[WhiteFideId "39922081"]
[BlackFideId "3520498"]
[EventDate "2025.06.24"]

1. e4 c5 2. Nf3 d6 3. d4 cxd4 4. Nxd4 Nf6 5. Nc3 a6 6. Be2 e5 7. Nb3 Be7 8. O-O
O-O 9. a4 Nc6 10. Be3 Be6 11. Bf3 Na5 12. Nd5 Bxd5 13. exd5 Nxb3 14. cxb3 e4 15.
Be2 Nd7 16. b4 f5 17. f3 f4 18. Bd4 e3 19. b5 axb5 20. Bxb5 Ne5 21. Bxe5 dxe5
22. Qb3 Bd6 23. Rac1 Qe7 24. Bd3 Rac8 25. Be4 Bc5 26. d6+ Qf7 27. Bd5 e2+ 28.
Kh1 exf1=Q+ 29. Rxf1 Bxd6 30. Bxf7+ Rxf7 31. h3 Kf8 32. Qe6 Rc6 33. Rd1 Re7 34.
Qf5+ Kg8 35. Qe4 Rec7 36. b4 Bf8 37. Qxe5 h6 38. Qxf4 1-0

[Event "Titled Tue 24th Jun Early"]
[Site "chess.com INT"]
[Date "2025.06.24"]
[Round "3"]
[White "Troltenier, Dirk"]
[Black "Shangin, Lev"]
[Result "0-1"]
[WhiteTitle "FM"]
[WhiteElo "2174"]
[BlackElo "2169"]
[WhiteFideId "4606400"]
[BlackFideId "55681085"]
[EventDate "2025.06.24"]

1. e4 c5 2. Nf3 e6 3. c3 d5 4. exd5 Qxd5 5. d4 Nf6 6. Be3 Nc6 7. dxc5 Qxd1+ 8.
Kxd1 Ng4 9. b4 Nxe3+ 10. fxe3 a5 11. Bb5 Bd7 12. Nd4 Ne5 13. Bxd7+ Kxd7 14. Nd2
axb4 15. cxb4 Nd3 16. Ke2 Nxb4 17. Rhb1 Bxc5 18. a3 Bxd4 19. exd4 Nc2 20. Rxb7+
Kc6 21. Rab1 Nxd4+ 22. Kd3 Nf5 23. R1b6+ Kd5 24. Rb5+ Kc6 25. Nc4 Rhd8+ 26. Kc3
f6 27. g4 Nd4 28. R5b6+ Kd5 29. Rxg7 Rac8 30. Kd3 Rxc4 0-1

[Event "Titled Tue 24th Jun Early"]
[Site "chess.com INT"]
[Date "2025.06.24"]
[Round "3"]
[White "Terletsky, Oleg"]
[Black "Le, Tuan Minh"]
[Result "0-1"]
[WhiteTitle "IM"]
[BlackTitle "GM"]
[WhiteElo "2160"]
[BlackElo "2598"]
[WhiteFideId "14116774"]
[BlackFideId "12401153"]
[EventDate "2025.06.24"]

1. e4 e5 2. Nf3 Nc6 3. Nc3 Nf6 4. d4 exd4 5. Nxd4 Bb4 6. Nxc6 bxc6 7. Bd3 d6 8.
O-O O-O 9. Bg5 h6 10. Bh4 Qe7 11. f4 Qe6 12. h3 Rb8 13. Kh2 Bxc3 14. bxc3 Nxe4
15. Qf3 Nd2 16. Qg3 Nxf1+ 17. Rxf1 Re8 18. Qf3 Qd5 19. Qg3 Bf5 20. Bf6 g6 21.
Qh4 Kh7 22. Bg5 h5 23. Rf3 Rb1 24. Bf6 Bxd3 25. Rxd3 Qf5 26. Rg3 Re4 27. Rf3 c5
28. Bd8 Re2 0-1

[Event "Titled Tue 24th Jun Early"]
[Site "chess.com INT"]
[Date "2025.06.24"]
[Round "3"]
[White "Torres Rebolledo, Alvaro"]
[Black "Al-Mudahka, Mohd"]
[Result "1-0"]
[WhiteTitle "FM"]
[BlackTitle "GM"]
[WhiteElo "2318"]
[BlackElo "2542"]
[WhiteFideId "54587670"]
[BlackFideId "12100030"]
[EventDate "2025.06.24"]

1. Nf3 Nf6 2. d4 c5 3. e3 cxd4 4. exd4 d5 5. Bd3 Bg4 6. h3 Bxf3 7. Qxf3 Nc6 8.
c3 e6 9. O-O Bd6 10. Nd2 O-O 11. Qd1 Bc7 12. Nf3 Ne4 13. Re1 f5 14. c4 Qd6 15.
c5 Qd7 16. Bd2 a5 17. a3 b6 18. Rc1 bxc5 19. dxc5 Rfb8 20. Qa4 Nxd2 21. Nxd2
Rxb2 22. Bb5 Rxb5 23. Qxb5 Rb8 24. Qa4 e5 25. Rb1 e4 26. Rxb8+ Bxb8 27. Rb1 Qc7
28. Rxb8+ Qxb8 29. Qxc6 1-0

[Event "Titled Tue 24th Jun Early"]
[Site "chess.com INT"]
[Date "2025.06.24"]
[Round "3"]
[White "Tiitta, Sauli"]
[Black "Krzywda, Andrzej"]
[Result "0-1"]
[BlackTitle "CM"]
[WhiteElo "2157"]
[BlackElo "2175"]
[WhiteFideId "502251"]
[BlackFideId "1114565"]
[EventDate "2025.06.24"]

1. g4 d5 2. h3 e5 3. c4 dxc4 4. Nc3 Nc6 5. Bg2 Be6 6. Bxc6+ bxc6 7. Qa4 Qd7 8.
Nf3 f6 9. b3 cxb3 10. axb3 Bc5 11. Ne4 Bb6 12. Ba3 Ne7 13. Nc5 Bxc5 14. Bxc5 Nd5
15. d3 Kf7 16. g5 h6 17. gxf6 gxf6 18. Qh4 h5 19. Rg1 Nf4 20. b4 Rhg8 21. Rxg8
Rxg8 22. Kd2 Bf5 23. Rxa7 Bxd3 24. Nxe5+ fxe5 25. Qe7+ Qxe7 26. Bxe7 Kxe7 27.
exd3 Nd5 28. b5 cxb5 29. Ra6 Rg2 30. Kc2 Rxf2+ 31. Kb3 Rf3 32. Rh6 Rxd3+ 33. Kc2
Rxh3 34. Rh7+ Kd6 35. Rh6+ Kc5 36. Re6 Kd4 37. Rc6 Nb4+ 0-1

[Event "Titled Tue 24th Jun Early"]
[Site "chess.com INT"]
[Date "2025.06.24"]
[Round "3"]
[White "Redor, Menandro"]
[Black "Smieszek, Wojciech"]
[Result "1-0"]
[BlackTitle "CM"]
[WhiteElo "2021"]
[BlackElo "2141"]
[WhiteFideId "5222010"]
[BlackFideId "1156047"]
[EventDate "2025.06.24"]

1. d4 Nf6 2. Bf4 c5 3. e3 e6 4. Nd2 Nc6 5. c3 g6 6. Ngf3 cxd4 7. exd4 d6 8. Nc4
d5 9. Nce5 Nxe5 10. Nxe5 Bg7 11. Bb5+ Bd7 12. Qb3 O-O 13. Bg5 Bxb5 14. Qxb5 Qb6
15. Qxb6 axb6 16. Bxf6 Bxf6 17. Nd7 Be7 18. Nxf8 Kxf8 19. Ke2 b5 20. a3 Kg7 21.
Rhc1 Bg5 22. Rc2 h5 23. g3 Bf6 24. b3 Rc8 25. Kd3 Rd8 26. a4 Ra8 27. Rca2 bxa4
28. Rxa4 Rc8 29. R1a3 Be7 30. Ra2 Rc7 31. Ra8 h4 32. R2a7 Bd6 33. Rb8 hxg3 34.
hxg3 Rxc3+ 35. Kxc3 Bxb8 36. Rxb7 Bd6 37. Rd7 Bb8 38. b4 Kf6 39. b5 e5 40. Rxd5
Ke6 41. Rxe5+ Kd6 42. Kc4 Ba7 43. Rd5+ Kc7 44. Rc5+ Kd6 45. Rc6+ Kd7 46. d5 g5
47. d6 Bb8 48. Kd5 f5 49. b6 f4 50. gxf4 gxf4 51. f3 Kd8 52. Rc7 Bxc7 53. bxc7+
Kc8 54. Ke6 Kb7 55. Kd7 Ka7 56. c8=Q 1-0

[Event "Titled Tue 24th Jun Early"]
[Site "chess.com INT"]
[Date "2025.06.24"]
[Round "3"]
[White "Yang, Larry"]
[Black "Laddha, Shubh Jayesh"]
[Result "1-0"]
[BlackTitle "FM"]
[WhiteElo "2017"]
[BlackElo "2303"]
[WhiteFideId "2637618"]
[BlackFideId "30942799"]
[EventDate "2025.06.24"]

1. e4 c5 2. Nf3 d6 3. Bb5+ Nd7 4. O-O a6 5. Be2 Ngf6 6. d3 g6 7. Nfd2 Bg7 8. f4
O-O 9. a4 b6 10. Bf3 Bb7 11. Nc3 Qc7 12. Qe1 e5 13. f5 Bc6 14. g4 Ne8 15. Qg3 b5
16. axb5 axb5 17. Rxa8 Bxa8 18. Nxb5 Qb8 19. Nc3 Nc7 20. g5 gxf5 21. exf5 Bxf3
22. Qxf3 f6 23. Nde4 d5 24. Nxf6+ Bxf6 25. gxf6 Nxf6 26. Bg5 Qxb2 27. Bxf6 Rxf6
28. Nxd5 Qd4+ 29. Ne3 h6 30. Kh1 Kh7 31. Rg1 Qd7 32. Qg2 Qf7 33. c4 Ne8 34. Rb1
Nd6 35. h3 Nxf5 36. Nxf5 Rxf5 37. Rb7 Rf1+ 38. Kh2 Qxb7 39. Qxb7+ Kg6 40. Qg2+ 1-0

[Event "Titled Tue 24th Jun Early"]
[Site "chess.com INT"]
[Date "2025.06.24"]
[Round "3"]
[White "Chylewski, Patryk"]
[Black "Sayce, Hannah"]
[Result "1-0"]
[WhiteTitle "IM"]
[BlackTitle "WCM"]
[WhiteElo "2313"]
[BlackElo "1877"]
[WhiteFideId "1186191"]
[BlackFideId "3250695"]
[EventDate "2025.06.24"]

1. c4 Nf6 2. Nc3 e6 3. e4 d5 4. e5 Ng8 5. d4 Ne7 6. Nf3 c5 7. dxc5 Nbc6 8. Nb5
Ng6 9. cxd5 Ncxe5 10. d6 Nxf3+ 11. Qxf3 Ne5 12. Qc3 f6 13. Nc7+ Kf7 14. Nxa8 b6
15. b4 Ba6 16. Bxa6 Qxa8 17. O-O h5 18. Bf4 Ng4 19. Qf3 Qd8 20. c6 e5 21. Qd5+
Kg6 22. c7 Qxd6 23. Qd3+ Qxd3 24. Bxd3+ 1-0